000 00875cam a2200217 i 4500
005 20260203115951.0
008 250721s2021 jo gr 000 0 ara d
020 _a9789957722494
082 1 4 _a391.4
_bص ف ا
100 1 _aالصفار، ابتسام مرهون
_eمؤلف.
245 1 2 _aالاحذية والنعال صورة من الحضارة العربية الاسلامية /
_cأ.د. إبتسام مرهون الصقار، أ.د. بدري محمد فهد.
250 _aالطبعة الأولى.
264 3 1 _aعمان :
_bزمزم ناشرون وموزعون،
_c2022.
300 _a117 صفحة.
650 1 7 _aصناعة الاحذية.
650 1 7 _aالحضارة الاسلامية.
650 1 7 _aالناريخ الاسلامي.
700 1 _aفهد، بدري محمد
_eمؤلف.
942 _2ddc
_cBK
999 _c143100
_d143100